Statistics for Capitals of Flags Letter B

Click here to take the quiz!

General Stats

  • This quiz has been taken 24 times
  • The average score is 14 of 17

Answer Stats

Answer% Correct
Bandar Seri Begawan
89%
Brasília
89%
Gaborone
89%
La Paz
89%
Manama
89%
Minsk
89%
Ouagadougou
89%
Belmopan
78%
Bridgetown
78%
Brussels
78%
Dhaka
78%
Gitega
78%
Porto-Novo
78%
Sarajevo
78%
Sofia
78%
Thimphu
78%
Nassau
67%

Score Distribution

Percentile by Number Answered

Percent of People with Each Score

Your Score History

You have not taken this quiz